Retrouver le titre du film sans voyelles - Statistiques

Statistiques générales
  • Ce quiz a été pris 252 fois
  • Le résultat moyen est 5 sur 10
Statistiques - réponses
Indice Réponse % Correct
FRRST GMP Forrest Gump
96%
FST ND FRS Fast and Furious
89%
L MND D NM Le Monde de Nemo
78%
TNT N MPRT L VNT Autant en emporte le vent
56%
L PRRN Le Parrain
53%
RBCC Rebecca
50%
SVN Seven
50%
MLHLLND DRV Mulholland Drive
33%
RD PLR N Ready Player One
13%
T F FRC Out of Africa
3%
Aucun quiz correspondant
Distribution des résultats
% des personnes avec chaque résultat
Percentile par nombre de réponses
Votre historique - résultats
Vous n’avez pas pris ce quiz